000 00618nam a2200229Ia 4500
003 OSt
005 20220918225330.0
006 a|||||r|||| 00| 0
007 ta
008 220917b |||||||| |||| 00| 0 eng d
024 _a239,982
037 _cTextual
040 _aARTS
_cARTS
_beng
041 _2eng
_aeng
082 _aW,8:(R), L8
100 _aHodgkinson Christopher
245 0 _aTowards a philosophy of administration
260 _aOxford
_bBasil Blackwell
_c1978
650 _aPOLITICAL SCIENCE
942 _hW,8:(R), L8
_cTEXL
_2CC
999 _c284374
_d284374